00936nam a2200253 a 4500003000900000005001700009008004100026020001800067040001300085100002300098245013400121260003500255300001100290500003000301500021100331650002200542650001300564650001700577650001400594650001100608650001100619650002600630650002600656AR-BaBNM20251128202840.0082120s2002 ||||||||||||||000 | spa|| a950-21-1003-X cAR-BaBNM1 aBajarlía, Samuel00aCompra-venta comercialbun estudio sobre sucesión de colaterales, creación de un nuevo pariente en el derecho civil argentino aBuenos AiresbPlus Ultrac1991 a155 p. aIndice al final del libro aApéndice: Sucesión de algunos parientes colaterales, Sentencias en los casos "Orlando Giuliano e hijos S.A. c/Loyca S.R.L. y otros", Sentencias en los casos "Manograsso Juan Carlos c/Cocini José Luis" 4aDERECHO COMERCIAL 4aCOMERCIO 4aCOMERCIANTES 4aARBITRAJE 4aCOMPRA 4aVENTAS 4aRESPONSABILIDAD LEGAL 4aLEGISLACION ARGENTINA